Collins English dictionary. (Record no. 1947)

MARC details
000 -LEADER
fixed length control field 01124nam a22002775a 4500
003 - CONTROL NUMBER IDENTIFIER
control field EG-ScBUE
005 - DATE AND TIME OF LATEST TRANSACTION
control field 20191209140710.0
008 - FIXED-LENGTH DATA ELEMENTS--GENERAL INFORMATION
fixed length control field 100920s2006 stk f d 000 0 eng d
020 ## - INTERNATIONAL STANDARD BOOK NUMBER
International Standard Book Number 0007232306
020 ## - INTERNATIONAL STANDARD BOOK NUMBER
International Standard Book Number 9780007232307
040 ## - CATALOGING SOURCE
Original cataloging agency EG-ScBUE
Language of cataloging eng
Description conventions rda
Transcribing agency EG-ScBUE
Modifying agency EG-ScBUE
082 04 - DEWEY DECIMAL CLASSIFICATION NUMBER
Classification number 423
Item number COL
Edition number 22
245 00 - TITLE STATEMENT
Title Collins English dictionary.
250 ## - EDITION STATEMENT
Edition statement Eighth edition.
264 #1 - PUBLICATION, DISTRIBUTION, ETC. (IMPRINT)
Place of publication, distribution, etc Glasgow :
Name of publisher, distributor, etc HarperCollins Publishers,
Date of publication, distribution, etc 2006.
300 ## - PHYSICAL DESCRIPTION
Extent xiii, 1872 pages ;
Dimensions 27 cm
336 ## - CONTENT TYPE
Source rdacontent
Content type term text
Content type code txt
337 ## - MEDIA TYPE
Source rdamedia
Media type term unmediated
Media type code n
338 ## - CARRIER TYPE
Source rdacarrier
Carrier type term volume
Carrier type code nc
520 ## - SUMMARY, ETC.
Summary, etc Offering coverage of world, regional and dialect English, this dictionary includes coverage of geographical, scientific, and technical entries. Written by a team of leading academic experts, it gives advice on using the right word in the right place, and features many word histories that trace the roots of modern English.
590 ## - LOCAL NOTE (RLIN)
Local note shimaahishaim
650 #7 - SUBJECT ADDED ENTRY--TOPICAL TERM
Topical term or geographic name as entry element English language
General subdivision Dictionaries.
Source of heading or term BUEsh
9 (RLIN) 19603
653 ## - INDEX TERM--UNCONTROLLED
Resource For college Humanities: English
Arrived date list August2018
655 ## - INDEX TERM--GENRE/FORM
Form subdivision Reading book
942 ## - ADDED ENTRY ELEMENTS (KOHA)
Source of classification or shelving scheme Dewey Decimal Classification
Koha item type Reference (NB)
Holdings
Withdrawn status Lost status Source of classification or shelving scheme Damaged status Not for loan Collection code Home library Current library Shelving location Date acquired Source of acquisition Total Checkouts Full call number Barcode Date last seen Cost, replacement price Koha item type
    Dewey Decimal Classification     unknown Central Library Central Library Ground Floor 05/02/2007 Purchase   423 COL 000002326 15/07/2025 283.00 Reference (NB)